Southville International School and Colleges
Your cart is empty.
  • Cart
  • Lists
    Public lists Eva Luna New books Lux_list list_1
    Your lists Log in to create your own lists
  • Log in to your account
  • Your cookies
  • Search history
Southville International School and Colleges
  • Advanced search
  • Recent comments
  • Most popular
  • Libraries

Log in to your account

Log in with GOOGLE


If you do not have an external account, but do have a local account, you can still log in:

  1. Home
  2. MARC view: Good things about the U.S. today.
Normal view MARC view ISBD view

Good things about the U.S. today. (Record no. 9624)

[ view plain ]
MARC details
000 -LEADER
fixed length control field 00586nam a22002057a 4500
003 - CONTROL NUMBER IDENTIFIER
control field OSt
005 - DATE AND TIME OF LATEST TRANSACTION
control field 20140310182126.0
008 - FIXED-LENGTH DATA ELEMENTS--GENERAL INFORMATION
fixed length control field 130828t xxu||||| |||| 00| 0 eng d
050 ## - LIBRARY OF CONGRESS CALL NUMBER
Classification number E 169.12
Item number .G646 1966
082 ## - DEWEY DECIMAL CLASSIFICATION NUMBER
Classification number HS 917.30392
Item number .N79 1970
100 ## - MAIN ENTRY--PERSONAL NAME
Personal name Newman, Joseph
9 (RLIN) 14395
245 ## - TITLE STATEMENT
Title Good things about the U.S. today.
Statement of responsibility, etc Joseph Newman,
260 ## - PUBLICATION, DISTRIBUTION, ETC. (IMPRINT)
Place of publication, distribution, etc Washinton, D.C :
Name of publisher, distributor, etc U.S. News & world report Inc,
Date of publication, distribution, etc c1966.
300 ## - PHYSICAL DESCRIPTION
Extent 247 p, :
Other physical details ill, ;
Dimensions 20 cm.
500 ## - GENERAL NOTE
General note includes index.
541 ## - IMMEDIATE SOURCE OF ACQUISITION NOTE
-- 1
562 ## - COPY AND VERSION IDENTIFICATION NOTE
Number of copies 1
650 ## - SUBJECT ADDED ENTRY--TOPICAL TERM
Topical term or geographic name as entry element United States
9 (RLIN) 14396
942 ## - ADDED ENTRY ELEMENTS (KOHA)
Source of classification or shelving scheme Library of Congress Classification
Koha item type
Holdings
Withdrawn status Lost status Source of classification or shelving scheme Damaged status Home library Current library Shelving location Date acquired Total Checkouts Full call number Barcode Date last seen Copy number Price effective from Koha item type
    Library of Congress Classification   Luxembourg Library Luxembourg Library High School Section 08/28/2013   E 169.12 .G646 1966 8814 08/28/2013 1 08/28/2013 Books

Good things about the U.S. today.

APA

Newman J., . (1966). Good things about the U.S. today. Washinton, D.C: U.S. News & world report Inc.

Chicago

Newman Joseph, . 1966. Good things about the U.S. today. Washinton, D.C: U.S. News & world report Inc.

Harvard

Newman J., . (1966). Good things about the U.S. today. Washinton, D.C: U.S. News & world report Inc.

MLA

Newman Joseph, . Good things about the U.S. today. Washinton, D.C: U.S. News & world report Inc. 1966.

  • Place hold
  • Print
  • Cite
  • Add to your cart (remove)
  • Save record
    BIBTEX Dublin Core MARCXML MARC (non-Unicode/MARC-8) MARC (Unicode/UTF-8) MARC (Unicode/UTF-8, Standard) MODS (XML) RIS
  • More searches
    Search for this title in:
    Other Libraries (WorldCat) Other Databases (Google Scholar) Online Stores (Bookfinder.com) Open Library (openlibrary.org)

Exporting to Dublin Core...

SOUTHVILLE LIBRARY

Southville International School and Colleges Library

1281 Tropical Ave. Cor. Luxembourg St., BF Homes International, Las Pinas City

Tel. No. 8256374 / 252358 Loc. 117/146

Powered by Koha